000
00260 a2200097 4500
001
12596
100
_a
Gottlieb,B
245
_a
Alternative cures: the most effective Natural Home remedies for 160 Health Problems
260
_a
_b
Rodale
_c
090
_c
9608
_d
9608
942
_a
NUST-CAE
_c
M
_c
36498
999
_c
247669
_d
247669